Представление документа в формате RUSMARC

ПолеНазваниеЗначение
  Тип записи a
  Библиографический уровень m
001 Контрольный номер RU/ГПНТБ России/KNIGADB/74.2/Ш 79-107080332
005 Дата корректировки 20230111114422.1
010 Индекс ISBN __
a ISBN 978-5-9949-2258-3
9 Тираж 1000 экз.
d Цена 140-91
100 Данные общей обработки __
a Данные общей обработки 20220816d2023 cd y0rusy028902 ca
101 Язык документа 0_
a Язык текста rus
102 Страна публикации __
a Страна публикации RU
105 Кодированные данные (монография) __
a Кодированные данные (монография) a z 000yy
181 Поле кодированных данных: вид содержания _0
a Код вида содержания (ISBD) i
182 Поле кодированных данных: тип средства _0
a Код типа средства (ISBD) n
200 Заглавие и сведения об ответственности 1_
a Заглавие Беседы о детях-героях Великой Отечественной войны
f Первые сведения об ответственности Т. А. Шорыгина
203 Вид содержания и тип средства __
a Вид содержания Текст
c Тип средства непосредственный
205 Сведения об издании __
a Основные сведения об издании 2-е издание, исправленное
210 Выходные данные 1_
a Место издания Москва
c Издательство Сфера
d Дата издания 2023
215 Физическое описание __
a Объем 75, [3] с.
c Иллюстрации/тип воспроизводства рис.
d Формат 20 см
225 Серия 2_
a Серия Вместе с детьми
300 Общие примечания __
a Общие примечания Дата издания указана в выпускных данных. В макете дата издания - 2023
320 Библиография __
a Библиография Библиография в конце книги
330 Аннотация __
a Аннотация В пособии рассказывается о подвигах детей-героев во время Великой Отечественной войны. Дети наравне со взрослыми боролись с врагом, вступали в партизанские отряды, ходили в разведку, подрывали на железной дороге вражеские поезда, груженные пушками, танками, зенитными орудиями. Дети 11-14 лет проявляли исключительную смелость, находчивость. Многие из них награждены орденами и медалями, некоторым присвоено звание Героя Советского Союза. К несчастью, большинство детей-героев погибли смертью храбрых и награждены посмертно.
606 Тематические рубрики __
a Основная рубрика Образование. Педагогика
2 Код системы nlr_sh
606 Тематические рубрики __
2 Код системы nlr_sh
a Основная рубрика Дошкольная педагогика
606 Тематические рубрики __
2 Код системы nlr_sh
a Основная рубрика Теория и методика воспитания
610 Ключевые слова 1_
a Ключевые слова дети-герои
610 Ключевые слова 1_
a Ключевые слова патриотическое воспитание
610 Ключевые слова 1_
a Ключевые слова борьба с фашизмом
610 Ключевые слова 0_
a Ключевые слова дошкольники
610 Ключевые слова 0_
a Ключевые слова школьники
610 Ключевые слова 0_
a Ключевые слова младшие школьники
610 Ключевые слова 0_
a Ключевые слова дети-участники войны
610 Ключевые слова 0_
a Ключевые слова Великая Отечественная война
610 Ключевые слова 0_
a Ключевые слова День Победы
610 Ключевые слова 0_
a Ключевые слова сценарии
610 Ключевые слова 0_
a Ключевые слова сценарии мероприятий
610 Ключевые слова 0_
a Ключевые слова сценарии праздников
610 Ключевые слова 0_
a Ключевые слова воспитательная работа
686 Индексы других классификаций __
2 Код системы rubbks
a Классификационный индекс 74.100.52я81
686 Индексы других классификаций __
2 Код системы rubbks
a Классификационный индекс 74.200.522я81; В74.100.52я81 + В74.200.522я81
700 Автор _1
a Фамилия Шорыгина
b Имя Т. А.
g Полное личное имя Татьяна Андреевна
4 Код отношения 070
f Даты 1944-
801 Источник записи _0
b Организация ГПНТБ России
a Страна RU
c Дата составления 20220816
g Правила каталогизации PSBO
801 Источник записи _1
b Организация ГПНТБ России
a Страна RU
c Дата составления 20220816
g Правила каталогизации PSBO
852 Данные о местонахождении 5_
j Шифр хранения 74.100.52
i Авторский знак Ш 79
900 Макрообъекты __
a Макрообъекты Беседы о детях-героях ВОВ. Т.А. Шорыгина, 2023
901 Тип документа __
a Ответственный КиК/Котельникова
t Тип документа m
903 Характеристики (МАРС) __
a Дата передачи 20220816
c Наименование библиотеки (МАРС) Муниципальное бюджетное учреждение культуры "Централизованная библиотечная система" г. Сургут (Центральная городская библиотека им. А. С. Пушкина)
969 Тип издания __
a Тип издания методическое пособие
990 Данные о заказе (DOS) __
j Количество экземпляров (DOS) 7
t N записи в КСУ для И/У (DOS) 202208